The Persian Gulf and The Balance of Power / (Record no. 187325)
[ view plain ]
| 000 -LEADER | |
|---|---|
| fixed length control field | 00811 a2200169 4500 |
| 003 - CONTROL NUMBER IDENTIFIER | |
| control field | Nust |
| 005 - DATE AND TIME OF LATEST TRANSACTION | |
| control field | 20230202131708.0 |
| 040 ## - CATALOGING SOURCE | |
| Transcribing agency | Nust |
| 082 ## - DEWEY DECIMAL CLASSIFICATION NUMBER | |
| Classification number | 953.6,KHA |
| 100 ## - MAIN ENTRY--PERSONAL NAME | |
| Personal name | Khan , Shahid A |
| 9 (RLIN) | 46375 |
| 245 ## - TITLE STATEMENT | |
| Title | The Persian Gulf and The Balance of Power / |
| Statement of responsibility, etc. | Major Shahid A. Khan |
| 260 ## - PUBLICATION, DISTRIBUTION, ETC. | |
| Name of publisher, distributor, etc. | Army Education Press |
| Place of publication, distribution, etc. | Rawalpindi |
| Date of publication, distribution, etc. | 1982 |
| 300 ## - PHYSICAL DESCRIPTION | |
| Extent | 115:p |
| 505 ## - FORMATTED CONTENTS NOTE | |
| Formatted contents note | Introduction (Page-1), The Historical Overview of the Balance of Power Systems in the Persian Gulf Region (Page-8), The Land People and the Politics of Persian Gulf Region (Page-46), Regional Politics of Persian Gulf (Page-68), The Creation and Collapse of a New Balance of Power Systems in the Persian Gulf (Page-86), Future of the Persian Gulf and Western Options (Page-99). |
| 650 ## - SUBJECT ADDED ENTRY--TOPICAL TERM | |
| Topical term or geographic name entry element | Gulf and The Balance |
| 9 (RLIN) | 108502 |
| 942 ## - ADDED ENTRY ELEMENTS (KOHA) | |
| Source of classification or shelving scheme | |
| Koha item type | Book |
| Withdrawn status | Lost status | Source of classification or shelving scheme | Damaged status | Not for loan | Permanent Location | Current Location | Shelving location | Date acquired | Full call number | Barcode | Date last seen | Price effective from | Koha item type | Public note | Shelving control number | Total Checkouts |
|---|---|---|---|---|---|---|---|---|---|---|---|---|---|---|---|---|
| Military College of Signals (MCS) | Military College of Signals (MCS) | General Stacks | 12/12/2016 | 953.6,KHA | MCS21538 | 12/08/2016 | 12/12/2016 | Book | Almirah No.61, Shelf No.2 | |||||||
| Military College of Signals (MCS) | Military College of Signals (MCS) | General Stacks | 02/02/2023 | 953.6,KHA | MCS21335 | 02/02/2023 | 02/02/2023 | Book | Almirah No.61, Shelf No.2 | History |
